000 00381nam a2200133Ia 4500
008 220217s9999||||xx |||||||||||||| ||und||
020 _a81-203-0030-0
082 _a005.133 RAJ
100 _aRajaraman, V Shasrabuddhe, H.V
245 0 _aComputer programming in cobol
260 _aPrentice hall of india
_bNew Delhi
_c2000
300 _b150
650 _aPROGRAMMING LANGUAGE
999 _c167317
_d167317